Inpainting of missing audio signal samples = Doplňování chybějících vzorků v audio signálu : short version Ph.D. Thesis /

Hlavní autor: Mach, Václav, 1987-
Korporativní autor: Vysoké učení technické v Brně. Ústav telekomunikací
Jazyk: Angličtina
Vydáno: [V Brně] : [Vysoké učení technické], [2016]
Edice: Vědecké spisy Vysokého učení technického v Brně. PhD Thesis, sv. 812
Témata:
Fyzický popis: 30 stran : ilustrace ; 21 cm
Knihy
Uloženo v:
LEADER 02448nam a2200589 i 4500
001 nkc20162859607
003 CZ PrNK
005 20170621080008.0
007 ta
008 161205t20162016xr a f m 000 0 eng
015 |a cnb002859607 
020 |a 978-80-214-5372-2  |q (brožováno) 
035 |a (OCoLC)993654406 
040 |a BOA001  |b cze  |d OLA001  |e rda 
072 7 |a 621.39  |x Sdělovací technika  |2 Konspekt  |9 19 
080 |a 534.87  |2 MRF 
080 |a 621.391.3/.6  |2 MRF 
080 |a 621.391.8  |2 MRF 
080 |a (043.3)  |2 MRF 
080 |a (048.3)  |2 MRF 
100 1 |a Mach, Václav,  |d 1987-  |7 mzk2017939215  |4 dis 
245 1 0 |a Inpainting of missing audio signal samples =  |b Doplňování chybějících vzorků v audio signálu : short version Ph.D. Thesis /  |c Václav Mach 
246 3 1 |a Doplňování chybějících vzorků v audio signálu 
264 1 |a [V Brně] :  |b [Vysoké učení technické],  |c [2016] 
264 4 |c ©2016 
300 |a 30 stran :  |b ilustrace ;  |c 21 cm 
336 |a text  |b txt  |2 rdacontent 
337 |a bez média  |b n  |2 rdamedia 
338 |a svazek  |b nc  |2 rdacarrier 
490 1 |a Vědecké spisy Vysokého učení technického v Brně. PhD Thesis,  |x 1213-4198 ;  |v sv. 812 
500 |a "Specialization: Teleinformatics" 
500 |a Zkrácená verze disertace (Ph.D.)--Vysoké učení technické v Brně, Fakulta elektrotechniky a komunikačních technologií, Ústav telekomunikací, 2016 
504 |a Obsahuje bibliografii 
650 0 7 |a zvukové signály  |7 ph138841  |2 czenas 
650 0 7 |a přenos signálů  |7 ph135452  |2 czenas 
650 0 7 |a zpracování signálů  |7 ph135694  |2 czenas 
650 0 9 |a acoustic signals  |2 eczenas 
650 0 9 |a signal transmission  |2 eczenas 
650 0 9 |a signal processing  |2 eczenas 
653 0 |a řídká reprezentace signálů 
655 7 |a disertace  |7 fd132024  |2 czenas 
655 7 |a teze  |7 fd133701  |2 czenas 
655 9 |a dissertations  |2 eczenas 
655 9 |a abstracts  |2 eczenas 
710 2 |a Vysoké učení technické v Brně.  |b Ústav telekomunikací  |7 kn20010709200  |4 isb 
810 2 |a Vysoké učení technické v Brně.  |t Vědecké spisy.  |p PhD Thesis  |0 s 
910 2 |a BOA001  |b 2-1381.033 
990 |a BK 
995 |a 01 
991 |b 201702  |c NOV 
996 6 |b 2610692956  |c 2-1381.033  |l MZK  |r Sklad / do 1 hodiny  |n 0  |p p.v.  |w 001595121  |u 000010  |a 1  |e BOA001  |j MZK50  |s P 
996 7 |b 2610692957  |c 2-1381.033  |l MZK  |r Sklad / do 1 hodiny  |n 1  |p p.v.  |w 001595121  |u 000020  |a 1  |e BOA001  |j MZK50  |s A